000 00476nam a2200181Ia 4500
008 090123s9999 xx 000 0 und d
082 _b3756
_a891.463/कदम
100 _aकदम बाबा
245 _aसाकी
250 _a1
260 _b"रंजना,कनकेश्वर"
_c1974
300 _a236
600 _aकदम बाबा
630 _aसाकी
700 _aकदम बाबा
730 _aसाकी
942 _cBOOK
999 _c41835
_d41835